000 00325nam a2200145Ia 4500
008 230718s9999 xx 000 0 und d
041 _aEng.
082 _a346.42
_bKHA-N
100 _aKhan,Muhammad
245 0 _anegotiable instrument
260 _aPakistan
_bKauser
_c2010
300 _a441
650 _aLaw
999 _c30269
_d30269